Science Quiz

Random Science or Chemistry Quiz
Score 0/10 Timer 02:00
3 Plays Today
Value Element % Correct
1Iodine
91.7%
100Carbon
85.1%
51Lithium
76.5%
5Vanadium
64.6%
150Chlorine
63.7%
400Cadmium
52.3%
1500Mendelevium
26%
55Livermorium
25.5%
900Curium
23.5%
1100Moscovium
17.9%
Remove Ads.
Support Sporcle.
Get the best of Sporcle when you Go Orange. This ad-free experience offers more features, more stats, and more fun while also helping to support Sporcle. Thank you for becoming a member.

You're not logged in!

Compare scores with friends on all Sporcle quizzes.
OR
Log In

Show Comments

Extras

Top Quizzes Today


Score Distribution

Your Account Isn't Verified!

In order to create a playlist on Sporcle, you need to verify the email address you used during registration. Go to your Sporcle Settings to finish the process.

Report this User

Report this user for behavior that violates our Community Guidelines.

Details: